Complex variables and applications (Record no. 3507)

000 -LEADER
fixed length control field 00586nam a22002297a 4500
001 - CONTROL NUMBER
control field 3507
003 - CONTROL NUMBER IDENTIFIER
control field BD-DhUET
008 - FIXED-LENGTH DATA ELEMENTS--GENERAL INFORMATION
fixed length control field 141101b xxu||||| |||| 00| 0 eng d
020 ## - INTERNATIONAL STANDARD BOOK NUMBER
International Standard Book Number 0070108552
040 ## - CATALOGING SOURCE
Transcribing agency 0
Modifying agency BD-DhUET
082 ## - DEWEY DECIMAL CLASSIFICATION NUMBER
Classification number 517.8
Item number CHU/1974
100 ## - MAIN ENTRY--PERSONAL NAME
Personal name Churchill, Ruel V.
245 ## - TITLE STATEMENT
Title Complex variables and applications
250 ## - EDITION STATEMENT
Edition statement 3rd ed.
260 ## - PUBLICATION, DISTRIBUTION, ETC. (IMPRINT)
Place of publication, distribution, etc. New York
Name of publisher, distributor, etc. McGraw-Hill
Date of publication, distribution, etc. 1974
300 ## - PHYSICAL DESCRIPTION
Extent x, 332 p.
Other physical details ill.
Dimensions 23 cm.
504 ## - BIBLIOGRAPHY, ETC. NOTE
Bibliography, etc Includes bibliographies
650 #0 - SUBJECT ADDED ENTRY--TOPICAL TERM
Topical term or geographic name as entry element Complex variables
700 ## - ADDED ENTRY--PERSONAL NAME
Personal name Brown, James W.
700 ## - ADDED ENTRY--PERSONAL NAME
Personal name Verhey, Roger F.
942 ## - ADDED ENTRY ELEMENTS (KOHA)
Koha item type General Book
Holdings
Source of classification or shelving scheme Sublocation or collection (holding branch) Koha date last seen Koha item type Not for loan Price effective from Koha normalized classification for sorting Withdrawn status Copy number Location (home branch) Damaged status Date acquired Koha renewals Lost status Piece designation (barcode) Shelving location Koha full call number Koha date last borrowed
 Central Library, BUET2014-11-01General Book 2014-11-01517_800000000000000_CHU_1974 1Central Library, BUET 2014-11-01  39411Circulation section517.8/CHU/1974 
 Central Library, BUET2014-11-01General Book 2014-11-01517_800000000000000_CHU_1974 2Central Library, BUET 2014-11-01  43301Circulation section517.8/CHU/1974 
 Central Library, BUET2014-11-01General Book 2014-11-01517_800000000000000_CHU_1974 3Central Library, BUET 2014-11-01  45109Circulation section517.8/CHU/1974 
 Central Library, BUET2016-05-18General Book 2014-11-01517_800000000000000_CHU_1974 4Central Library, BUET 2014-11-01  52889Circulation section517.8/CHU/1974 
 Central Library, BUET2016-04-02General Book 2014-11-17517_800000000000000_CHU_1974 5Central Library, BUET 2014-11-17  37655Circulation section517.8/CHU/1974 
 Central Library, BUET2016-08-30General Book 2014-11-17517_800000000000000_CHU_1974 6Central Library, BUET 2014-11-172 58032Circulation section517.8/CHU/1974 
 Central Library, BUET2015-05-03General Book 2015-05-03517_800000000000000_CHU_1974 7Central Library, BUET 2015-05-03  52887Circulation section517.8/CHU/19740000-00-00
 Central Library, BUET2015-05-03General Book 2015-05-03517_800000000000000_CHU_1974 8Central Library, BUET 2015-05-03  37654Circulation section517.8/CHU/1974 
 Central Library, BUET2015-05-04General Book 2015-05-04517_800000000000000_CHU_1974 9Central Library, BUET 2015-05-04  39412Circulation section517.8/CHU/1974 
 Central Library, BUET2015-05-20General Book 2015-05-20517_800000000000000_CHU_1974 10Central Library, BUET 2015-05-20  58033Circulation section517.8/CHU/1974 
 Central Library, BUET2015-06-13Reading Item 2015-06-13517_800000000000000_CHU_1974 11Central Library, BUET 2015-06-13  24535Reading section517.8/CHU/1974 
 Central Library, BUET2015-07-13General Book 2015-07-13517_800000000000000_CHU_1974 12Central Library, BUET 2015-07-13  43304Circulation section517.8/CHU/1974